MARC

Tag First Indicator Second Indicator Subfields
LEADER 00000cam a2200000 i 4500
001 in00000087113
005 20230706120003.0
008 790516s1979 nyua b 101 0 eng
010 |a  79105170  
019 |a 5192267  |a 216822006  |a 224670779  |a 1171154869 
029 1 |a AU@  |b 000001452971 
029 1 |a AU@  |b 000004053567 
035 |a (OCoLC)ocm05262884  
035 |a (OCoLC)5262884  |z (OCoLC)5192267  |z (OCoLC)216822006  |z (OCoLC)224670779  |z (OCoLC)1171154869 
035 |a (OCoLC)ocm05262884  
040 |a DLC  |b eng  |c DLC  |d OCL  |d OCLCQ  |d BTCTA  |d CNMBL  |d OCLCO  |d OCLCF  |d OCLCQ  |d OCL  |d OCLCO  |d AGL  |d OCLCO 
043 |a n-us--- 
050 0 0 |a TD458  |b .S96 1975 
070 |a TD458.S96  |b 1975 
082 0 0 |a 628.1/65 
111 2 |a Symposium on Reaeration Research  |d (1975 :  |c Gatlinburg, Tenn.) 
245 1 0 |a Proceedings /  |c Symposium on Reaeration Research, Hydraulics Division specialty conference, Gatlinburg, Tennessee, October 28-30, 1975 ; sponsored by the Hydraulics Division, American Society of Civil Engineers. 
260 |a New York :  |b ASCE,  |c 1979. 
300 |a vi, 367 pages :  |b illustrations ;  |c 22 cm 
336 |a text  |b txt  |2 rdacontent 
337 |a unmediated  |b n  |2 rdamedia 
338 |a volume  |b nc  |2 rdacarrier 
504 |a Includes bibliographical references and indexes. 
650 0 |a Water  |x Aeration  |v Congresses. 
650 0 |a Water  |x Dissolved oxygen  |v Congresses. 
650 0 |a Water quality  |z United States  |v Congresses. 
650 0 |a Water  |x Aeration  |x Congresses. 
650 0 |a Water  |x Dissolved oxygen  |x Congresses. 
650 0 |a Water quality  |z United States  |x Congresses. 
650 6 |a Eau  |x Aération  |x Congrès. 
650 6 |a Eau  |x Oxygène dissous  |x Congrès. 
650 6 |a Eau  |x Qualité  |z États-Unis  |x Congrès. 
650 6 |a Eau  |x Aération  |v Congrès. 
650 6 |a Eau  |x Oxygène dissous  |v Congrès. 
650 7 |a Water  |x Aeration.  |2 fast  |0 (OCoLC)fst01171141 
650 7 |a Water  |x Dissolved oxygen.  |2 fast  |0 (OCoLC)fst01171176 
650 7 |a Water quality.  |2 fast  |0 (OCoLC)fst01171832 
651 7 |a United States.  |2 fast  |0 (OCoLC)fst01204155 
655 7 |a Conference papers and proceedings.  |2 fast  |0 (OCoLC)fst01423772 
710 2 |a American Society of Civil Engineers.  |b Hydraulics Division. 
776 0 8 |i Online version:  |a Symposium on Reaeration Research (1975 : Gatlinburg, Tenn.).  |t Proceedings.  |d New York : ASCE, 1979  |w (OCoLC)692073324 
938 |a Baker and Taylor  |b BTCP  |n 79105170  |c $20.00 
948 |h NO HOLDINGS IN TXA - 60 OTHER HOLDINGS 
994 |a Z0  |b TXA 
999 f f |s 57bf223b-c8f4-3805-8490-cdb7e94f7ae8  |i cb569822-1b43-322f-9afd-651832ec1e50  |t 0 
952 f f |p ric  |a Texas A&M University  |b Rellis Campus  |c Joint Library Facility  |s JLF  |d Remote Storage  |t 0  |e TD458 .S9 1975  |h Library of Congress classification  |i unmediated -- volume  |m A14806245273